| 000 | 00360nam a2200145Ia 4500 | ||
|---|---|---|---|
| 008 | 230312s9999||||xx |||||||||||||| ||und|| | ||
| 020 | _a978-9332543539 | ||
| 082 |
_a621.3815 _bKOT-D |
||
| 100 | _aKothari;D.P | ||
| 245 | 0 | _aDigital Circuits and Design | |
| 260 |
_bPearsons _aIndia _c2016 |
||
| 300 | _a1.8 | ||
| 650 |
_aEngineering _vElectrical |
||
| 942 | _cBK | ||
| 999 |
_c13898 _d13898 |
||